000 00387nam a2200145Ia 4500
008 240307s9999||||xx |||||||||||||| ||und||
020 _a 9789354664502
082 _a610
_bRaf/T
100 _aHaque,Md Rafiul
245 0 _aTextbook of Herbal Drug Technology Theory and Practical
250 _a1st Edition
260 _aNew Delhi
_bCbs Publishers
_c2024
300 _a188p.
942 _cBK
999 _c43475
_d43475